000
00212nam a22000857a 4500
008
170119b xxu||||| |||| 00| 0 eng d
100
_9
2500
_a
Carrasco.L.E.
245
_a
English Grammar
260
_a
New Delhi
_b
G.L.
_c
2003
999
_c
5567
_d
5567